MARC

LEADER 00000nam0a2200000 4500
001 297105
005 20231102000956.0
035 |a (RuTPU)RU\TPU\book\322225 
090 |a 297105 
100 |a 20150605d1981 km y0engy50 ba 
101 0 |a eng 
102 |a GB 
105 |a a z 001zy 
200 1 |a Handbook of Water Purification  |f editor: W. Lorch 
210 |a London  |c McGRAW-HILL book Company(UK) Limited  |d 1981 
215 |a 715 p.  |c il. 
320 |a Index: p. 711-715 
606 1 |a Вода  |x Очистка  |2 stltpush  |3 (RuTPU)RU\TPU\subj\2661  |9 31199 
610 1 |a вода 
610 1 |a очистка 
610 1 |a свойства 
610 1 |a гидрологический цикл 
610 1 |a природные воды 
610 1 |a качество 
610 1 |a процессы 
610 1 |a очищенные воды 
610 1 |a транспортировка 
610 1 |a хранение 
610 1 |a применение 
610 1 |a английский язык 
675 |a 628.16  |v 4 
702 1 |a Lorch  |b W.  |g Walter  |4 340 
801 1 |a RU  |b 63413507  |c 20150605 
801 2 |a RU  |b 63413507  |c 20180330  |g RCR 
942 |c BK